| 000 | 00713nam a2200253 i 4500 | ||
|---|---|---|---|
| 001 | C2-0110833 | ||
| 003 | PPAK | ||
| 005 | 20180727103221.0 | ||
| 008 | 970628s1993 my |||| ||||| | may d | ||
| 020 | _a9839736108 | ||
| 040 |
_aPPAK _beng _cPPAK _erda |
||
| 082 | 0 | 4 |
_a899.2307 _223 |
| 090 | 0 | 0 |
_a899.2307 _bHAN _dG |
| 090 | 0 | 0 |
_a899.2307 _bHAN _dKIH |
| 100 | 0 |
_aHanapiah Sudin, _eauthor |
|
| 245 | 1 | 0 | _aPendidikan sastera dalam KBSM |
| 264 | 1 |
_aUlu Klang, Selangor : _bProgressive Pub , _c1993 |
|
| 300 |
_aviii, 112 pages ; _c17 cm |
||
| 336 |
_2rdacontent _atext |
||
| 337 |
_2rdamedia _aunmediated |
||
| 338 |
_2rdacarrier _avolume |
||
| 650 | 1 | 0 | _aMalay literature - Study and teaching |
| 942 |
_ddc _cB |
||
| 999 |
_c27526 _d27526 |
||